[Event "CFriend AP-2004-Q-00011 email"]
[Site "Chessfriend.com"]
[Date "2004.04.22"]
[Round "?"]
[White "Hendry, John"]
[Black "Achermann, Josef"]
[Result "0-1"]
[WhiteElo "2000"]
[BlackElo "1465"]
[PlyCount "62"]
[EventDate "2004.??.??"]
[EventType "tourn (corr)"]
[EventRounds "12"]
[SourceTitle "Corr 2008"]
[Source "ChessBase"]
[SourceDate "2008.06.24"]
[SourceVersion "1"]
[SourceVersionDate "2008.06.24"]
[SourceQuality "1"]

1. e4 b6 2. d4 e6 3. Nf3 Bb7 4. Bd3 c5 5. c3 cxd4 6. cxd4 Nf6 7. Nc3 Bb4 8. Qc2 Nc6 9. 0-0 Rc8 10. Qe2 d6 11. d5 Nb8 12. Bb5+ Kf8 13. dxe6 fxe6 14. Nd4 Kf7 15. Bd2 a6 16. Bc4 Re8 17. Bb3 Bc5 18. Nf3 Kg8 19. Rad1 Nbd7 20. Ng5 Nf8 21. e5 dxe5 22. Qxe5 Qe7 23. Qe2 Qc7 24. Rfe1 Bd6 25. h3 Bh2+ 26. Kh1 Rcd8 27. Nce4 Nxe4 28. Nxe4 Be5 29. Rc1 Qf7 30. Be3 Bxe4 31. Bxb6 Qf4 0-1